Yowamushi pedal Personnages - Statistiques

Statistiques générales
  • Ce quiz a été pris 7 fois
  • Le résultat moyen est 3 sur 32
Statistiques - réponses
Indices Reponse % Correct
Protagoniste Onoda Sakamichi
83%
Haricot rouge et l'étoile rapide de Naniwa Shokichi Naruko
33%
Degueu Akira Midosuji
17%
Sprinteur Hakone Hayato Shinkai
17%
Orange Issa Kaburagi
17%
Capitaine 2ème Interlycée Junta Teshima
17%
Rival de Onoda Sangaku Manami
17%
Capitaine Sohoku Shingo Kinjo
17%
Deutagonist Shunsuke Imaizumi
17%
Grimpeur Sohoku Yusuke Makishima
17%
Petit frère du sprinteur Yuto Shinkai
17%
Ami de la précédente Aya Tachibana
0%
Duo du précédent Hajime Aoyagi
0%
Grimpeur Hakone Jinpachi Todo
0%
Sprinteur Sohoku Jin Tadokuro
0%
Capitaine Hakone Juichi Fukutomi
0%
Rival du 2ème Capitaine Kimitaka Koga
0%
Aime les muscles Komari Kishigami
0%
Capitaine Kyoto Fushimi Koutarou Ishigaki
0%
Chien enragé Machimiya Eikichi
0%
La bête Masakiyo Dobashi
0%
Amoureuse du Protagoniste Miki Kanzaki
0%
Amoureuse du garcon aux cheveux bleus Miyahara
0%
Entraineur de Sohoku Mr.Pierre
0%
Appareil Dentaire Nobuyuki Mizuta
0%
Duo du précédent Ryuhou Danchiku
0%
Eternel reserviste Sugimoto Terufumi
0%
Musicien et très grand Takuto Ashikiba
0%
2eme Sprinteur et nouveau capitaine Toichiro Izumida
0%
Ancien eleve Toji Kanzaki
0%
Bad boy Hakone Yasutomo Arakita
0%
Jambes de chat Yukinari Kuroda
0%
Aucun quiz correspondant
Distribution des résultats
% des personnes avec chaque résultat
Percentile par nombre de réponses
Votre historique - résultats
Vous n’avez pas pris ce quiz